000 00828nam a2200205Ia 4500
001 10468
003 GE_BSU
008 181216s||||||||xx |||||||||||||| ||und||
040 _cGE_BSU
080 _a821.353.1–3+821.353.1-32
245 _aქართული პროზა. წ.18.ვასილ ბარნოვი
245 _cშეადგინა რევაზ თვარაძემ.სარედ. კოლ.: გრ. აბაშიძე [და სხვ. რედ.ნუკრი აბესაძე,მხატვ.დ.დუნდუა
260 _aთბილისი
260 _bსაქართველო
260 _c1990
300 _a639გვ.20სმ.
653 _aვასილ ბარნოვი
653 _aქართული პროზა.
942 _cBK
999 _c43727
_d43727